1170 1799 1698 1351 1196 1188 1096 1274 1107 1923 1963 1224 1882 1497 1635 1623 1198 1311 1934 1495 1297 1122 1385 1574 1487 1515 1068 1495 1628 1678 1699 1067 1721 1793 1040 1785 1972 1730 1304 1850 1801 1241 1104 1819 1729 1995 1797 1324 1440 1172 1405 1817 1864 1733 1852 1959 1948 1521 1937 1784 1837 1092 1839 1151 1534 1759 1280 1315 1123 1311 1631 1626 1471 1630 1487 1072 1190 1957 1583 1308 1430 1056 1643 1854 1420 1741 1436 1630 1514 1314 1674 1323 1552 1894 1387 1250 1269 1527 1679 BCNSPRNW ULIB Ver.6.0+V

เปลี่ยนเป็นภาษาไทย

Change to English
 แสดงรายละเอียดบรรณานุกรม
  กลับหน้าหลัก

Brief Record : Get Marc (ISO 2709) : E-mail record : QR code < ปิดหน้าต่าง
LEADER : 00000nam 2200000uu 4500
001    13399126932
003     ULIB
008    190907s2562||||th 000 0 tha d
020    ^a9786164432680
060    ^aWB115^bร275อ
100    ^aระวีวรรณ เลิศวัฒนารักษ์ มณฑิรา มณีรัตนะพร สุรัตน์ ทองอยู่ และนัฐพล ฤทธิ์ทยมัย
245    ^aอายุรศาสตร์ทันยุค ๒๕๖๒(Update in Internal Medicine 2019)
250    ^aพิมพ์ครั้งที่ 1
260    ^aกรุงเทพฯ :^bภาควิชาอายุรศาสตร์ คณะแพทยศาสตร์ศิริราชพยาบาล,^c2562
300    ^a395 หน้า^bภาพประกอบ, ตาราง, ภาคผนวก
650    ^aอายุรศาสตร์
945    ^p400^l0^i27639
945    ^p400^l0^i27638
945    ^p400^l0^i27637
945    ^p400^l0^i27636
945    ^p400^l0^i27635
945    ^p400^l0^i28134
945    ^p400^l0^i28135
999    ^aกัณชพร จุลอักษร
รายการนี้ยังไม่มีแท็ก
คุณยังไม่ได้ล็อกอิน คุณสามารถมีกิจกรรมร่วมกับเว็บไซต์ได้ แต่ต้องล็อกอินก่อน ::
  ล็อกอิน

รายการสื่อสารสนเทศ

ลำดับที่ ประเภท เลขเรียก/บาร์โค้ด สถานที่ สถานะ
1. หนังสือสำรอง
หนังสือสำรอง
WB115 ร275อ ฉ.1 
  Barcode: 27635
ห้องสมุดวิทยาเขตนครสวรรค์
►หนังสือทั่วไป:l:General Books
บนชั้น
2. วิทยาศาสตร์การแพทย์ และสุขภาพ
วิทยาศาสตร์การแพทย์ และสุขภาพ
WB115 ร275อ ฉ.2 
  Barcode: 27636
ห้องสมุดวิทยาเขตนครสวรรค์
►หนังสือทั่วไป:l:General Books
บนชั้น
3. วิทยาศาสตร์การแพทย์ และสุขภาพ
วิทยาศาสตร์การแพทย์ และสุขภาพ
WB115 ร275อ ฉ.3 
  Barcode: 27637
ห้องสมุดวิทยาเขตนครสวรรค์
►หนังสือทั่วไป:l:General Books
บนชั้น
4. วิทยาศาสตร์การแพทย์ และสุขภาพ
วิทยาศาสตร์การแพทย์ และสุขภาพ
WB115 ร275อ ฉ.4 
  Barcode: 27638
ห้องสมุดวิทยาเขตนครสวรรค์
►หนังสือทั่วไป:l:General Books
บนชั้น
5. วิทยาศาสตร์การแพทย์ และสุขภาพ
วิทยาศาสตร์การแพทย์ และสุขภาพ
WB115 ร275อ ฉ.5 
  Barcode: 27639
ห้องสมุดวิทยาเขตนครสวรรค์
►หนังสือทั่วไป:l:General Books
บนชั้น
6. วิทยาศาสตร์การแพทย์ และสุขภาพ
วิทยาศาสตร์การแพทย์ และสุขภาพ
WB115 ร275อ ฉ.6 
  Barcode: 28134
ห้องสมุดวิทยาเขตนครสวรรค์
►หนังสือทั่วไป:l:General Books
บนชั้น
7. วิทยาศาสตร์การแพทย์ และสุขภาพ
วิทยาศาสตร์การแพทย์ และสุขภาพ
WB115 ร275อ ฉ.7 
  Barcode: 28135
ห้องสมุดวิทยาเขตนครสวรรค์
►หนังสือทั่วไป:l:General Books
บนชั้น

รายการใกล้เคียง
    ชื่อเรื่อง [อายุรศาสตร์ทันยุค ๒๕๖๒(Update in Internal Medicine 2019)]

    ผู้แต่ง [ระวีวรรณ เลิศวัฒนารักษ์ มณฑิรา มณีรัตนะพร สุรัตน์ ทองอยู่ และนัฐพล ฤทธิ์ทยมัย]

    หัวเรื่อง [อายุรศาสตร์]

BibComment


ยังไม่เคยถูกคอมเมนท์

คอมเมนท์ทรัพยากรรายการนี้
  คอมเมนท์: อายุรศาสตร์ทันยุ..


 Copyright 2026. Bcnsprnw @Library